000 00846cam a2200265 4500
008 000000n2000 000 0 eng u
020 _a185112425X
035 _a(Sirsi) u108232
050 _a306.1
110 _aUnited Kingdom
_bDepartment of the Environment, Transport and the Regions
_93507
245 _aCollecting, managing and using housing stock information: a good practice guide - Vol. 3 specifying stock surveys
260 _aLondon
_bDETR
_c2000
300 _a68p. ; 30cm.
350 _a15.00
520 _aFor volumes 1 & 2 see ISBN's 1851124233 & 185114241
650 _aHOUSING STOCK
650 _aLOCAL AUTHORITY HOUSING
650 _aHOUSING SURVEYS
650 _aPUBLIC SECTOR HOUSING
650 _aSTOCK CONDITION SURVEYS
650 _aASSET MANAGEMENT
650 _aDATA
690 _aHOUSING
942 _n0
999 _c100765
_d100765